Microelectronic circuits (Record no. 1329)

000 -LEADER
fixed length control field 00597nam a22002177a 4500
001 - CONTROL NUMBER
control field 1329
003 - CONTROL NUMBER IDENTIFIER
control field BD-DhUET
008 - FIXED-LENGTH DATA ELEMENTS--GENERAL INFORMATION
fixed length control field 140903b xxu||||| |||| 00| 0 eng d
020 ## - INTERNATIONAL STANDARD BOOK NUMBER
International Standard Book Number 0195680847
040 ## - CATALOGING SOURCE
Transcribing agency 0
Modifying agency BD-DhUET
082 ## - DEWEY DECIMAL CLASSIFICATION NUMBER
Classification number 623.8153
Item number SED/1982
100 ## - MAIN ENTRY--PERSONAL NAME
Personal name Sedra, Adel.S
245 ## - TITLE STATEMENT
Title Microelectronic circuits
Statement of responsibility, etc. by Adel S. Sedra and Kenneth C. Smith
250 ## - EDITION STATEMENT
Edition statement 5th ed.
260 ## - PUBLICATION, DISTRIBUTION, ETC. (IMPRINT)
Place of publication, distribution, etc. New York
Name of publisher, distributor, etc. Oxford University Press
Date of publication, distribution, etc. 1982
300 ## - PHYSICAL DESCRIPTION
Extent xxi, 1283 p.
Other physical details ill.
Dimensions 22 cm.
504 ## - BIBLIOGRAPHY, ETC. NOTE
Bibliography, etc Includes bibliographies
650 #0 - SUBJECT ADDED ENTRY--TOPICAL TERM
Topical term or geographic name as entry element Electronic-Circuits
700 ## - ADDED ENTRY--PERSONAL NAME
Personal name Smith, Kenneth C.
942 ## - ADDED ENTRY ELEMENTS (KOHA)
Koha item type General Book
Holdings
Koha date last seen Location (home branch) Koha date last borrowed Koha renewals Koha issues (times borrowed) Koha item type Sublocation or collection (holding branch) Lost status Not for loan Shelving location Koha out on loan Copy number Piece designation (barcode) Date acquired Price effective from Koha full call number Withdrawn status Damaged status Koha normalized classification for sorting Source of classification or shelving scheme
2022-05-22Central Library, BUET2021-12-2119Guide BookCentral Library, BUET  Circulation section 11038712014-09-032014-09-03623.8153/SED/2004  623_000000000000000_8153SED200 
2026-01-20Central Library, BUET2026-01-2017General BookCentral Library, BUET  Circulation section2026-02-0321038662007-05-282014-09-03623.8153/SED/2004  623_815300000000000_SED_2004 
2022-11-22Central Library, BUET2022-11-22 13Guide BookCentral Library, BUET  Circulation section2022-12-0631038672014-09-032014-09-03623.8153/SED/2004  623_000000000000000_8153SED200 
2016-02-27Central Library, BUET2016-02-27 2Guide BookCentral Library, BUET  Circulation section2017-02-2641038682014-09-032014-09-03623.8153/SED/2004  623_000000000000000_8153SED200 
2024-06-02Central Library, BUET2024-03-06 12Guide BookCentral Library, BUET  Circulation section 51038702014-09-032014-09-03623.8153/SED/2004  623_000000000000000_8153SED200 
2025-09-08Central Library, BUET2025-08-24213Guide BookCentral Library, BUET  Circulation section 61038732014-09-032014-09-03623.8153/SED/2004  623_000000000000000_8153SED200 
2023-06-05Central Library, BUET2023-06-05116Guide BookCentral Library, BUET  Circulation section2023-06-1981038722014-09-032014-09-03623.8153/SED/2004  623_000000000000000_8153SED200 
2025-10-18Central Library, BUET2025-09-24 18Guide BookCentral Library, BUET  Circulation section 91038742014-09-032014-09-03623.8153/SED/2004  623_000000000000000_8153SED200 
2020-02-10Central Library, BUET2020-02-10 5Guide BookCentral Library, BUET  Circulation section2021-02-09101016932014-10-272014-10-27623.8153/SED/2004  623_000000000000000_8153SED200 
2026-03-08Central Library, BUET2014-12-08 1General BookCentral Library, BUET  Circulation section 111077892014-11-292014-11-29623.8153/SED/1982  623_815300000000000_SED_1982 
2025-04-29Central Library, BUET2025-04-29 10General BookCentral Library, BUET  Circulation section2025-05-13121016922016-03-272016-03-27623.8153/SED/1982  623_815300000000000_SED_1982